[Event "Barbera del Valles op 38th"]
[Site "Barbera del Valles"]
[Date "2015.07.12"]
[Round "9"]
[White "Dahale, Atul"]
[Black "Galliano, Alexander"]
[Result "0-1"]
[WhiteElo "1969"]
[BlackElo "2121"]
[PlyCount "98"]
[EventDate "2015.07.04"]
[EventType "swiss"]
[EventRounds "9"]
[EventCountry "ESP"]
[SourceTitle "CBM 167 Extra"]
[Source "ChessBase"]
[SourceDate "2015.09.14"]
[SourceVersion "1"]
[SourceVersionDate "2015.09.14"]
[SourceQuality "1"]

1. d4 Nf6 2. c4 e5 3. e3 exd4 4. exd4 d5 5. Nc3 c6 6. Bd3 dxc4 7. Bxc4 Bd6 8. h3 0-0 9. Nge2 Nbd7 10. Bg5 Qa5 11. Bd2 Qh5 12. Qc2 Nb6 13. Bd3 Nbd5 14. a3 Nxc3 15. bxc3 Re8 16. c4 Qh4 17. Qc3 Ne4 18. Bxe4 Rxe4 19. Be3 Bg4 20. Ra2 Rae8 21. Kd1 Bf4 22. g3 Bxg3 23. fxg3 Qh5 24. Re1 Bf3 25. Bf4 Bxe2+ 26. Kc1 Qxh3 27. Be5 Bxc4 28. Rxe4 Bxa2 29. Re1 f6 30. Bf4 Rxe1+ 31. Qxe1 Qe6 32. Qa5 Qc4+ 33. Kb2 Qb3+ 34. Kc1 Qb6 35. Qxb6 axb6 36. Bc7 b5 37. Kd2 Kf7 38. Ke3 Ke6 39. Ke4 Bb1+ 40. Kf4 h5 41. Bb8 Kd5 42. Ba7 Kc4 43. Ke3 b4 44. axb4 Kxb4 45. Bc5+ Kc4 46. Bf8 g6 47. Be7 f5 48. Bc5 b5 49. Kf4 b4 0-1

[Event "Barbera del Valles op 38th"]
[Site "Barbera del Valles"]
[Date "2015.07.08"]
[Round "5"]
[White "Konguvel, Ponnuswamy"]
[Black "Galliano, Alexander"]
[Result "1-0"]
[WhiteElo "2337"]
[BlackElo "2121"]
[PlyCount "61"]
[EventDate "2015.07.04"]
[EventType "swiss"]
[EventRounds "9"]
[EventCountry "ESP"]
[SourceTitle "CBM 167 Extra"]
[Source "ChessBase"]
[SourceDate "2015.09.14"]
[SourceVersion "1"]
[SourceVersionDate "2015.09.14"]
[SourceQuality "1"]

1. e4 c5 2. Nf3 e6 3. d4 cxd4 4. Nxd4 Nc6 5. Nc3 Qc7 6. Be3 a6 7. Qf3 Nf6 8. 0-0-0 d6 9. h3 Na5 10. g4 b5 11. g5 Nd7 12. h4 b4 13. Nb1 Nc5 14. Nd2 Bb7 15. Kb1 d5 16. Bg2 Nc4 17. Nxc4 dxc4 18. Qg4 a5 19. e5 Qb6 20. h5 c3 21. g6 a4 22. gxf7+ Kxf7 23. Bxb7 Qxb7 24. Nxe6 Nxe6 25. Qf5+ Ke7 26. Rh4 b3 27. bxc3 bxa2+ 28. Kxa2 Qc8 29. Rd6 Ra6 30. Bg5+ Nxg5 31. Qxc8 1-0

[Event "Barbera del Valles op 38th"]
[Site "Barbera del Valles"]
[Date "2015.07.07"]
[Round "4"]
[White "Galliano, Alexander"]
[Black "Martinez Lopez, Carlos"]
[Result "1-0"]
[WhiteElo "2121"]
[BlackElo "1996"]
[PlyCount "97"]
[EventDate "2015.07.04"]
[EventType "swiss"]
[EventRounds "9"]
[EventCountry "ESP"]
[SourceTitle "CBM 167 Extra"]
[Source "ChessBase"]
[SourceDate "2015.09.14"]
[SourceVersion "1"]
[SourceVersionDate "2015.09.14"]
[SourceQuality "1"]

1. e4 c5 2. c3 Nf6 3. e5 Nd5 4. d4 cxd4 5. Nf3 e6 6. cxd4 d6 7. Bc4 Nc6 8. 0-0 Be7 9. Bd2 0-0 10. Nc3 Nxc3 11. Bxc3 dxe5 12. dxe5 Qxd1 13. Rfxd1 Rd8 14. Rxd8+ Bxd8 15. Rd1 Kf8 16. Bd3 Be7 17. Be4 h6 18. a3 Ke8 19. Nd2 Bd7 20. Nc4 Rc8 21. f4 b5 22. Nd6+ Bxd6 23. Rxd6 a5 24. Kf2 b4 25. axb4 axb4 26. Bd2 b3 27. Rd3 Rb8 28. Bf3 Ne7 29. Bd1 Ba4 30. Rd4 Rd8 31. Rxd8+ Kxd8 32. Ke3 Kc7 33. Kd4 Kc6 34. Kc4 Nd5 35. Bf3 Kb6 36. g3 Bb5+ 37. Kxb3 Kc5 38. Bc3 Ne3 39. Bb4+ Kd4 40. Bf8 g6 41. Kb4 Ba6 42. Bc5+ Kd3 43. Bxe3 Kxe3 44. Bc6 g5 45. fxg5 hxg5 46. Kc5 Kf2 47. Kd4 g4 48. b4 Kg1 49. Ke3 1-0

[Event "Barbera del Valles op 38th"]
[Site "Barbera del Valles"]
[Date "2015.07.05"]
[Round "2"]
[White "Galliano, Alexander"]
[Black "Porta Tovar, Guillem"]
[Result "1-0"]
[WhiteElo "2121"]
[BlackElo "1945"]
[PlyCount "77"]
[EventDate "2015.07.04"]
[EventType "swiss"]
[EventRounds "9"]
[EventCountry "ESP"]
[SourceTitle "CBM 167 Extra"]
[Source "ChessBase"]
[SourceDate "2015.09.14"]
[SourceVersion "1"]
[SourceVersionDate "2015.09.14"]
[SourceQuality "1"]

1. e4 c5 2. c3 Nf6 3. e5 Nd5 4. d4 cxd4 5. Nf3 e6 6. cxd4 d6 7. Bc4 Nb6 8. Bb3 Bd7 9. 0-0 Be7 10. Nc3 Bc6 11. Bf4 Na6 12. exd6 Bxd6 13. Ne5 Qf6 14. Bg3 Bxe5 15. Bxe5 Qg5 16. g3 h5 17. h4 Qf5 18. Bc2 Qh3 19. Be4 f6 20. Bxc6+ bxc6 21. Bf4 g5 22. hxg5 h4 23. g4 fxg5 24. Bh2 0-0 25. Qe2 Rae8 26. Qe4 Kg7 27. f3 Kh6 28. Bd6 Rf7 29. Qxc6 Rg8 30. Rae1 Rg6 31. Qe8 Rgf6 32. Qh8+ Kg6 33. Qh5+ Kg7 34. Qxg5+ Kh7 35. Ne4 Rxf3 36. Qh5+ Kg8 37. Qg6+ Rg7 38. Rxf3 Qxf3 39. Nf6+ 1-0

[Event "Gatwick e2e4 op"]
[Site "Crawley"]
[Date "2013.04.07"]
[Round "4"]
[White "Hill, Alan"]
[Black "Galliano, Alexander"]
[Result "0-1"]
[WhiteElo "2132"]
[BlackElo "2101"]
[PlyCount "72"]
[EventDate "2013.04.05"]
[EventType "swiss"]
[EventRounds "5"]
[EventCountry "ENG"]
[SourceTitle "CBM 153 Extra"]
[Source "ChessBase"]
[SourceDate "2013.04.22"]
[SourceVersion "1"]
[SourceVersionDate "2013.04.22"]
[SourceQuality "1"]

1. e4 c5 2. Nf3 e6 3. d4 cxd4 4. Nxd4 Nc6 5. Nb5 d6 6. Bf4 e5 7. Be3 Nf6 8. Bg5 Be7 9. Bxf6 gxf6 10. Bd3 Rg8 11. Qf3 a6 12. N5c3 Nd4 13. Qh5 Rxg2 14. Nd5 Be6 15. Nbc3 Kd7 16. 0-0-0 Rb8 17. f4 Qg8 18. Nb6+ Kc6 19. f5 Kxb6 20. fxe6 fxe6 21. Kb1 Ka7 22. Bf1 Rg5 23. Qh3 Rc8 24. Qe3 Kb8 25. Bh3 f5 26. exf5 exf5 27. Rxd4 exd4 28. Qxd4 Qc4 29. Qd2 Rcg8 30. b3 Rg1+ 31. Rxg1 Rxg1+ 32. Kb2 Qe6 33. Nd5 Bg5 34. Qd4 Bc1+ 35. Kc3 Qe1+ 36. Kc4 b5+ 0-1

[Event "Gatwick e2e4 op"]
[Site "Crawley"]
[Date "2013.04.06"]
[Round "2"]
[White "Cherniaev, Alexander"]
[Black "Galliano, Alexander"]
[Result "1-0"]
[WhiteElo "2432"]
[BlackElo "2101"]
[PlyCount "103"]
[EventDate "2013.04.05"]
[EventType "swiss"]
[EventRounds "5"]
[EventCountry "ENG"]
[SourceTitle "CBM 153 Extra"]
[Source "ChessBase"]
[SourceDate "2013.04.22"]
[SourceVersion "1"]
[SourceVersionDate "2013.04.22"]
[SourceQuality "1"]

1. e4 c5 2. c3 e6 3. d4 d5 4. exd5 exd5 5. Be3 cxd4 6. Qxd4 Nf6 7. Nf3 Be7 8. Nbd2 Nc6 9. Qa4 0-0 10. Bb5 Bd7 11. 0-0 a6 12. Bxc6 bxc6 13. Ne5 Bd6 14. Nxd7 Qxd7 15. Rfd1 Ng4 16. Nf1 Nxe3 17. Nxe3 Qc7 18. Nf1 Qb6 19. Qc2 Rae8 20. c4 d4 21. Re1 Be5 22. Rab1 c5 23. Re2 Re6 24. Qd3 Rfe8 25. Rbe1 Qc6 26. g3 g6 27. Nd2 f5 28. Qf3 Qd7 29. Qd5 Qxd5 30. cxd5 R6e7 31. Nc4 Bf6 32. Rxe7 Rxe7 33. Rxe7 Bxe7 34. Kf1 Kf7 35. Ke2 Bf6 36. Kd3 Ke7 37. b3 Kd7 38. Nb2 Be7 39. Kc4 Bd6 40. Nd3 Kc7 41. a3 Be7 42. b4 cxb4 43. axb4 Bf6 44. Nc5 Kd6 45. f3 Be5 46. Nd3 Bf6 47. h3 Bg7 48. g4 fxg4 49. fxg4 Bf6 50. Nc5 Be5 51. Nxa6 d3 52. Nc5 1-0

[Event "GBR-ch 97th"]
[Site "Canterbury"]
[Date "2010.08.02"]
[Round "7"]
[White "Grant, David J"]
[Black "Galliano, Alexander"]
[Result "0-1"]
[WhiteElo "2082"]
[BlackElo "2085"]
[PlyCount "52"]
[EventDate "2010.07.26"]
[EventType "swiss"]
[EventRounds "11"]
[EventCountry "ENG"]
[SourceTitle "CBM 137 Extra"]
[Source "ChessBase"]
[SourceDate "2010.09.01"]
[SourceVersion "1"]
[SourceVersionDate "2010.09.01"]
[SourceQuality "1"]

1. d4 Nf6 2. c4 g6 3. Nc3 Bg7 4. e4 d6 5. Nf3 0-0 6. h3 e5 7. d5 a5 8. Bg5 Na6 9. Nd2 Qe8 10. Be2 Bd7 11. g4 Nc5 12. Be3 Qc8 13. Rg1 Kh8 14. Qc2 Ng8 15. Nf3 b6 16. 0-0-0 f5 17. exf5 gxf5 18. Nh4 Ne7 19. Bg5 Bf6 20. gxf5 Nxf5 21. Bxf6+ Rxf6 22. Ne4 Nxe4 23. Qxe4 Qf8 24. Bd3 Qh6+ 25. Kb1 Nxh4 26. Rg5 Rg8 0-1

[Event "GBR-ch 97th"]
[Site "Canterbury"]
[Date "2010.07.31"]
[Round "6"]
[White "Galliano, Alexander"]
[Black "Eames, Robert"]
[Result "0-1"]
[WhiteElo "2085"]
[BlackElo "2287"]
[PlyCount "148"]
[EventDate "2010.07.26"]
[EventType "swiss"]
[EventRounds "11"]
[EventCountry "ENG"]
[SourceTitle "CBM 137 Extra"]
[Source "ChessBase"]
[SourceDate "2010.09.01"]
[SourceVersion "1"]
[SourceVersionDate "2010.09.01"]
[SourceQuality "1"]

1. e4 c5 2. Nf3 Nc6 3. d4 cxd4 4. Nxd4 Nf6 5. Nc3 d6 6. Nxc6 bxc6 7. Bd3 g6 8. 0-0 Bg7 9. h3 0-0 10. f4 Qb6+ 11. Kh2 Nd7 12. Na4 Qa5 13. c4 Nc5 14. Nxc5 Qxc5 15. Rb1 a5 16. b3 e5 17. Qf3 f5 18. Be3 Qa3 19. exf5 Bxf5 20. Qxc6 Bxd3 21. Qd5+ Kh8 22. Qxd3 exf4 23. Bxf4 Rxf4 24. Rxf4 Be5 25. g3 Qxa2+ 26. Kg1 Bxf4 27. gxf4 Re8 28. Rf1 Re2 29. Qd4+ Kg8 30. Qd5+ Kg7 31. f5 Qxb3 32. f6+ Kh6 33. Qf3 Qxf3 34. Rxf3 Re8 35. Rd3 Rc8 36. Rxd6 Rxc4 37. Ra6 a4 38. Kg2 g5 39. f7+ Kg7 40. Ra7 h6 41. Kh2 Rf4 42. Kg2 h5 43. Kg3 Rb4 44. Kg2 Rb2+ 45. Kg1 Rb3 46. Kg2 a3 47. h4 g4 48. Ra5 Rb2+ 49. Kg3 a2 50. Ra7 Re2 51. Kf4 Rg2 52. Ke3 Rh2 53. Kf4 Rxh4 54. Rxa2 Kxf7 55. Ra5 Rh3 56. Rb5 g3 57. Rg5 h4 58. Kf3 Rh2 59. Rg4 Kf6 60. Rg8 Kf5 61. Rf8+ Ke5 62. Rg8 Kd4 63. Rd8+ Kc3 64. Rg8 Kd2 65. Re8 Rf2+ 66. Kg4 g2 67. Rd8+ Ke1 68. Re8+ Kf1 69. Re5 g1Q+ 70. Kh5 Rf8 71. Re6 Rf5+ 72. Kh6 Qg5+ 73. Kh7 Rf7+ 74. Kh8 Qg7# 0-1

[Event "GBR-ch 96th"]
[Site "Torquay"]
[Date "2009.08.05"]
[Round "9"]
[White "Galliano, Alexander"]
[Black "Khandelwal, Ankush"]
[Result "0-1"]
[WhiteElo "2050"]
[BlackElo "2160"]
[PlyCount "98"]
[EventDate "2009.07.27"]
[EventType "swiss"]
[EventRounds "11"]
[EventCountry "ENG"]
[SourceTitle "CBM 131 Extra"]
[Source "ChessBase"]
[SourceDate "2009.09.03"]
[SourceVersion "2"]
[SourceVersionDate "2009.09.16"]
[SourceQuality "1"]

1. e4 e5 2. Nf3 Nc6 3. Bc4 Nf6 4. d4 exd4 5. 0-0 Bc5 6. e5 d5 7. exf6 dxc4 8. Re1+ Be6 9. Ng5 Qd5 10. Nc3 Qf5 11. Nce4 0-0-0 12. g4 Qe5 13. Nxe6 fxe6 14. fxg7 Rhg8 15. Bh6 d3 16. c3 Bb6 17. Kg2 d2 18. Re2 Ne7 19. f4 Qd5 20. h4 Nf5 21. gxf5 exf5 22. Rxd2 Qxe4+ 23. Kh2 Qe6 24. Bg5 Rde8 25. Qf1 h6 26. Re1 Qg6 27. Rxe8+ Rxe8 28. Re2 Rg8 29. Re7 hxg5 30. Qxc4 Rxg7 31. Rxg7 Qxg7 32. hxg5 Qg6 33. Kg3 c6 34. Qb4 Kd7 35. Qf8 Bc7 36. Kf3 Qh5+ 37. Ke3 Qe8+ 38. Qxe8+ Kxe8 39. c4 Kf7 40. b3 Kg6 41. Kf3 Bd6 42. Kg3 Kh5 43. Kf3 Bf8 44. Kg3 Bg7 45. Kh3 Bf8 46. a4 Bd6 47. Kg3 a6 48. Kf3 Kh4 49. g6 Bf8 0-1

[Event "Frome op"]
[Site "Frome"]
[Date "2009.05.10"]
[Round "4"]
[White "Baruch, Andrew JD"]
[Black "Galliano, Alexander"]
[Result "1/2-1/2"]
[WhiteElo "2082"]
[BlackElo "2031"]
[PlyCount "153"]
[EventDate "2009.05.08"]
[EventType "swiss"]
[EventRounds "5"]
[EventCountry "ENG"]
[SourceTitle "CBM 130 Extra"]
[Source "ChessBase"]
[SourceDate "2009.07.02"]
[SourceVersion "2"]
[SourceVersionDate "2009.07.15"]
[SourceQuality "1"]

1. g3 Nf6 2. Bg2 g6 3. c4 Bg7 4. Nc3 0-0 5. e4 d6 6. Nge2 e5 7. d3 c6 8. 0-0 Nbd7 9. h3 h6 10. Be3 Kh7 11. Rc1 a5 12. b3 Ng8 13. d4 Qe7 14. Qd2 Re8 15. d5 c5 16. f3 f5 17. g4 Ndf6 18. Na4 Qc7 19. exf5 gxf5 20. Nec3 Bd7 21. Qd3 Ne7 22. Nxc5 dxc5 23. d6 Qc8 24. dxe7 Rxe7 25. Qd6 Re6 26. Qxc5 Bc6 27. Bf2 f4 28. Qa3 Qe8 29. Rfe1 Qg6 30. Ne4 Bxe4 31. fxe4 Nxg4 32. hxg4 Qxg4 33. Rc3 Rg6 34. Bg3 fxg3 35. Rf1 Rd8 36. Qc1 Bf8 37. c5 h5 38. Qe3 Rd1 39. Qf3 Qxf3 40. Bxf3 Rxf1+ 41. Kxf1 h4 42. Kg2 Kh6 43. a3 Rc6 44. b4 axb4 45. axb4 b6 46. Bg4 bxc5 47. bxc5 Rxc5 48. Rxc5 Bxc5 49. Kf3 Kg5 50. Bh3 Be7 51. Bg2 Kf6 52. Bh3 Kf7 53. Bg2 Ke6 54. Bh3+ Kd6 55. Bg2 Kc5 56. Bh3 Kd4 57. Bf1 Kc3 58. Ke2 Bg5 59. Bh3 Bf4 60. Bg2 Kd4 61. Kf3 Bg5 62. Bh3 Kd3 63. Bg2 Kd2 64. Bh3 Ke1 65. Bg2 Kd2 66. Bh3 Kc3 67. Bg2 Kc4 68. Bh3 Kc5 69. Bg2 Kd6 70. Bh3 Ke7 71. Bg2 Kf6 72. Bh3 Kg6 73. Bg2 Kh5 74. Bh3 Bf4 75. Bg2 h3 76. Bxh3 Kh4 77. Bg2 1/2-1/2

[Event "Frome op"]
[Site "Frome"]
[Date "2009.05.10"]
[Round "5"]
[White "Galliano, Alexander"]
[Black "Payne, Stephen J"]
[Result "1-0"]
[WhiteElo "2031"]
[BlackElo "1888"]
[PlyCount "69"]
[EventDate "2009.05.08"]
[EventType "swiss"]
[EventRounds "5"]
[EventCountry "ENG"]
[SourceTitle "CBM 130 Extra"]
[Source "ChessBase"]
[SourceDate "2009.07.02"]
[SourceVersion "2"]
[SourceVersionDate "2009.07.15"]
[SourceQuality "1"]

1. e4 c5 2. c3 d5 3. exd5 Qxd5 4. d4 Nc6 5. Nf3 Bg4 6. Be2 cxd4 7. cxd4 e6 8. 0-0 Nf6 9. Nc3 Qa5 10. Be3 Bd6 11. a3 0-0 12. b4 Qd8 13. Qb3 h6 14. Rfd1 Ne7 15. h3 Bf5 16. Ne5 Ned5 17. Nxd5 Nxd5 18. Bf3 Nxe3 19. Qxe3 Qe7 20. Nc4 Rfd8 21. Na5 Rd7 22. Rac1 Rad8 23. Rc3 Bb8 24. Qc1 e5 25. Rc5 Rxd4 26. Rxd4 Rxd4 27. Nxb7 e4 28. Be2 Bxh3 29. gxh3 Qxb7 30. Qe3 Qd7 31. Bg4 Qd6 32. Rc8+ Kh7 33. Rxb8 Rd1+ 34. Bxd1 Qxd1+ 35. Kg2 1-0

[Event "Frome op"]
[Site "Frome"]
[Date "2009.05.08"]
[Round "1"]
[White "Galliano, Alexander"]
[Black "Deacon, David J"]
[Result "1-0"]
[WhiteElo "2031"]
[BlackElo "1736"]
[PlyCount "139"]
[EventDate "2009.05.08"]
[EventType "swiss"]
[EventRounds "5"]
[EventCountry "ENG"]
[SourceTitle "CBM 130 Extra"]
[Source "ChessBase"]
[SourceDate "2009.07.02"]
[SourceVersion "2"]
[SourceVersionDate "2009.07.15"]
[SourceQuality "1"]

1. e4 c5 2. c3 Nf6 3. e5 Nd5 4. d4 cxd4 5. Qxd4 e6 6. Nf3 d6 7. exd6 Qxd6 8. Bd3 Nc6 9. Qe4 Nf6 10. Qe2 Be7 11. 0-0 0-0 12. Na3 a6 13. Nc4 Qc7 14. a4 b6 15. Bg5 Bb7 16. Bh4 b5 17. Bg3 Qd8 18. Ne3 b4 19. Nc4 bxc3 20. bxc3 Nd5 21. Qc2 g6 22. Rab1 Ra7 23. Rfd1 Ba8 24. Nce5 Qa5 25. Be4 Nxe5 26. Bxe5 Bf6 27. c4 Nb4 28. Qc3 Bxe5 29. Nxe5 Bxe4 30. Rxb4 Rd8 31. Rxd8+ Qxd8 32. h3 f6 33. Ng4 e5 34. Qb3 Ra8 35. Rb6 Kg7 36. Nxf6 Qd2 37. Nxe4 Qe1+ 38. Kh2 Qxe4 39. Rb7+ Kh6 40. Qe3+ Qxe3 41. fxe3 Rc8 42. Ra7 Rxc4 43. Rxa6 Kg5 44. Kg3 h5 45. Ra5 Kf6 46. Kf3 Rb4 47. Ra6+ Kf7 48. a5 Ra4 49. Ra8 Kg7 50. a6 Kf7 51. a7 Kg7 52. g3 g5 53. Ke2 e4 54. Kd2 Ra2+ 55. Kc3 Ra1 56. Kd4 Ra4+ 57. Kc5 Ra1 58. Kd5 Ra5+ 59. Kxe4 Ra4+ 60. Kf5 Ra5+ 61. Ke6 Ra6+ 62. Kd7 Ra1 63. Kd6 Rd1+ 64. Ke6 Ra1 65. e4 Ra6+ 66. Kf5 Ra5+ 67. e5 Kh7 68. Kf6 g4 69. hxg4 hxg4 70. Rf8 1-0

[Event "Weymouth op"]
[Site "Weymouth"]
[Date "2008.10.24"]
[Round "1"]
[White "Gregory, Keith D"]
[Black "Galliano, Alexander"]
[Result "1-0"]
[WhiteElo "2067"]
[BlackElo "1960"]
[PlyCount "73"]
[EventDate "2008.10.24"]
[EventType "swiss"]
[EventRounds "5"]
[EventCountry "ENG"]
[SourceTitle "EXT 2009"]
[Source "ChessBase"]
[SourceDate "2008.11.26"]
[SourceVersion "1"]
[SourceVersionDate "2008.11.26"]
[SourceQuality "1"]

1. Nf3 Nf6 2. g3 d5 3. Bg2 g6 4. b3 Bg7 5. Bb2 0-0 6. 0-0 c5 7. c4 e6 8. d3 Nc6 9. Ne5 Qc7 10. Nxc6 bxc6 11. Nc3 Rd8 12. Qc2 Rb8 13. Na4 Nd7 14. Bxg7 Kxg7 15. cxd5 cxd5 16. Rac1 Rb5 17. d4 Bb7 18. Nxc5 Nxc5 19. dxc5 Rc8 20. b4 a5 21. a3 axb4 22. axb4 Qe5 23. Rb1 Bc6 24. Rb2 Rcb8 25. Rfb1 Qd4 26. e3 Qg4 27. Qc3+ Kg8 28. Qd4 Qf5 29. Qf4 Qh5 30. Bf3 e5 31. Qf6 Qf5 32. Qxf5 gxf5 33. Be2 R5b7 34. b5 Be8 35. b6 Kf8 36. Rd2 Bc6 37. Bb5 1-0

[Event "Frome op"]
[Site "Frome"]
[Date "2008.05.10"]
[Round "3"]
[White "Galliano, Alexander"]
[Black "Lyell, Mark"]
[Result "0-1"]
[WhiteElo "2018"]
[BlackElo "2237"]
[PlyCount "48"]
[EventDate "2008.05.09"]
[EventType "swiss"]
[EventRounds "5"]
[EventCountry "ENG"]
[SourceTitle "CBM 124 Extra"]
[Source "ChessBase"]
[SourceDate "2008.07.03"]
[SourceVersion "1"]
[SourceVersionDate "2008.07.03"]
[SourceQuality "1"]

1. e4 e5 2. Nf3 Nc6 3. Bb5 f5 4. d3 Nf6 5. 0-0 Bc5 6. Nc3 0-0 7. Nxe5 fxe4 8. Bc4+ d5 9. Nxd5 Nxd5 10. Nxc6 bxc6 11. dxe4 Qh4 12. Bxd5+ Kh8 13. g3 Qh3 14. Bc4 Bg4 15. Be2 Bxf2+ 16. Rxf2 Rxf2 17. Kxf2 Qxh2+ 18. Kf1 Rf8+ 19. Bf4 Qxg3 20. Bf3 Qxf4 21. Qd3 Bxf3 22. Ke1 Bxe4 23. Qe2 Qg3+ 24. Kd2 Rd8+ 0-1

[Event "Guernsey op 33rd"]
[Site "Guernsey"]
[Date "2007.10.25"]
[Round "5"]
[White "Galliano, Alexander"]
[Black "Lohou, Stephane"]
[Result "1-0"]
[WhiteElo "2012"]
[BlackElo "2161"]
[PlyCount "63"]
[EventDate "2007.10.21"]
[EventType "swiss"]
[EventRounds "7"]
[EventCountry "GCI"]
[SourceTitle "EXT 2009"]
[Source "ChessBase"]
[SourceDate "2008.11.26"]
[SourceVersion "1"]
[SourceVersionDate "2008.11.26"]
[SourceQuality "1"]

1. e4 c5 2. c3 Nf6 3. e5 Nd5 4. d4 cxd4 5. Qxd4 e6 6. Nf3 Nc6 7. Qe4 f5 8. Qe2 d6 9. g3 Be7 10. Bg2 dxe5 11. Nxe5 Nxe5 12. Qxe5 Bf6 13. Qe2 0-0 14. 0-0 Qc7 15. Rd1 Bd7 16. Na3 a6 17. c4 Ne7 18. Bd2 Ng6 19. Bb4 Rfe8 20. Bd6 Qc8 21. c5 Bc6 22. Nc4 Bxg2 23. Kxg2 Qc6+ 24. Qf3 Ne7 25. Na5 Qxf3+ 26. Kxf3 Bxb2 27. Rab1 Bc3 28. Rxb7 Bxa5 29. Bxe7 Bd8 30. Bxd8 Raxd8 31. Rxd8 Rxd8 32. c6 1-0

[Event "EU Union-ch U14"]
[Site "Mureck"]
[Date "2007.08.??"]
[Round "5"]
[White "Galliano, Alexander"]
[Black "Grant, David J"]
[Result "1/2-1/2"]
[WhiteElo "2058"]
[BlackElo "1881"]
[PlyCount "32"]
[EventDate "2007.08.??"]
[EventType "swiss"]
[EventRounds "9"]
[EventCountry "AUT"]
[SourceTitle "EXT 2008"]
[Source "ChessBase"]
[SourceDate "2007.11.25"]
[SourceVersion "1"]
[SourceVersionDate "2007.11.25"]
[SourceQuality "1"]

1. e4 c5 2. c3 Nf6 3. e5 Nd5 4. d4 cxd4 5. Qxd4 e6 6. Nf3 Nc6 7. Qe4 f5 8. Qe2 Be7 9. g3 0-0 10. Bg2 d6 11. c4 Nb6 12. exd6 Qxd6 13. 0-0 e5 14. Rd1 Qc5 15. Bg5 Bxg5 16. Nxg5 Nd4 1/2-1/2

[Event "EU Union-ch U14"]
[Site "Mureck"]
[Date "2007.08.??"]
[Round "7"]
[White "Galliano, Alexander"]
[Black "Tomazini, Aljosa"]
[Result "0-1"]
[WhiteElo "2058"]
[BlackElo "1989"]
[PlyCount "106"]
[EventDate "2007.08.??"]
[EventType "swiss"]
[EventRounds "9"]
[EventCountry "AUT"]
[SourceTitle "EXT 2008"]
[Source "ChessBase"]
[SourceDate "2007.11.25"]
[SourceVersion "1"]
[SourceVersionDate "2007.11.25"]
[SourceQuality "1"]

1. e4 d5 2. exd5 Qxd5 3. Nc3 Qa5 4. d4 Nf6 5. Bd2 c6 6. Bc4 Bf5 7. Nd5 Qd8 8. Nxf6+ gxf6 9. Nf3 e6 10. c3 Nd7 11. Qe2 Nb6 12. Bb3 Qd7 13. Nh4 Bg6 14. 0-0 0-0-0 15. a4 Bg7 16. a5 Nd5 17. f4 Ne7 18. Be3 Kb8 19. Bc4 Nf5 20. Nxf5 Bxf5 21. Bf2 Bf8 22. Qe3 Rc8 23. b4 Rg8 24. Rfd1 Qc7 25. Rd2 Bd6 26. Bg3 h5 27. Rf1 Rg4 28. Be2 Rg7 29. Bxh5 Rh8 30. Bd1 Bg4 31. Bc2 f5 32. Bb1 Rhg8 33. Bh4 Rg6 34. Rb2 a6 35. Bd3 Be7 36. Bxe7 Qxe7 37. h3 Bxh3 38. Qxh3 Rg3 39. Qh5 Rxd3 40. Rf3 Rd1+ 41. Kf2 Qf6 42. Rh3 Qg7 43. g3 Rd3 44. Qh4 Rxc3 45. Rd2 Rc4 46. Qh7 Rxb4 47. Ke3 Rb3+ 48. Kf2 Rxg3 49. Qh4 Rg2+ 50. Ke3 Rxd2 51. Kxd2 Qxd4+ 52. Rd3 Rg2+ 53. Ke1 Qg1# 0-1

[Event "EU Union-ch U14"]
[Site "Mureck"]
[Date "2007.08.??"]
[Round "6"]
[White "Messina, Roberta"]
[Black "Galliano, Alexander"]
[Result "0-1"]
[WhiteElo "1859"]
[BlackElo "2058"]
[PlyCount "64"]
[EventDate "2007.08.??"]
[EventType "swiss"]
[EventRounds "9"]
[EventCountry "AUT"]
[SourceTitle "EXT 2008"]
[Source "ChessBase"]
[SourceDate "2007.11.25"]
[SourceVersion "1"]
[SourceVersionDate "2007.11.25"]
[SourceQuality "1"]

1. e4 e5 2. Nf3 Nc6 3. d4 exd4 4. Nxd4 Bc5 5. Be3 Qf6 6. c3 Nge7 7. Bc4 Ne5 8. Be2 Qg6 9. 0-0 d6 10. Kh1 Qxe4 11. Nd2 Qg6 12. Nb5 Bxe3 13. fxe3 Kd8 14. e4 N7c6 15. Bh5 Bg4 16. Bxg4 Nxg4 17. Qe2 Nce5 18. Nf3 Re8 19. Rad1 Qh6 20. g3 Ne3 21. Nxe5 Rxe5 22. Rxf7 Nxd1 23. Rf8+ Kd7 24. Rxa8 Qc1 25. Qg4+ Kc6 26. Nxa7+ Kc5 27. b4+ Kc4 28. Qe2+ Kxc3 29. Kg2 Ne3+ 30. Kf3 Qh1+ 31. Kf2 Qg2+ 32. Ke1 Qg1+ 0-1

[Event "BCF-chT4 0607 (4NCL)"]
[Site "Sunningdale"]
[Date "2007.05.28"]
[Round "11.111"]
[White "Galliano, Alexander"]
[Black "Law, Stephen"]
[Result "0-1"]
[WhiteElo "2083"]
[BlackElo "2145"]
[PlyCount "134"]
[EventDate "2006.09.16"]
[EventType "team"]
[EventRounds "11"]
[EventCountry "ENG"]
[SourceTitle "EXT 2008"]
[Source "ChessBase"]
[SourceDate "2007.11.25"]
[SourceVersion "1"]
[SourceVersionDate "2007.11.25"]
[SourceQuality "1"]
[WhiteTeam "W Collective II"]
[BlackTeam "Gloucestershire Gambits"]
[WhiteTeamCountry "ENG"]
[BlackTeamCountry "ENG"]

1. e4 e5 2. Nf3 Nc6 3. Bb5 a6 4. Ba4 Nf6 5. 0-0 Be7 6. Re1 b5 7. Bb3 0-0 8. c3 d5 9. d4 Nxe4 10. Nxe5 Nxe5 11. dxe5 c6 12. Nd2 Bf5 13. Nf3 Bg4 14. h3 Bh5 15. g4 Bg6 16. Nd4 Bh4 17. Be3 Qc7 18. Nxc6 Qxc6 19. Bxd5 Qc7 20. Bxa8 Rxa8 21. Bd4 Ng5 22. Re3 Ne6 23. a4 Bg5 24. Re1 b4 25. Qf3 Rd8 26. Be3 bxc3 27. Bxg5 Nxg5 28. Qxc3 Qxc3 29. bxc3 Nf3+ 30. Kf1 Nxe1 31. Kxe1 Rd3 32. f4 Rxh3 33. Ra3 Bc2 34. Kd2 Rh2+ 35. Kc1 Be4 36. Rb3 Kf8 37. Rb6 Rh6 38. Rb8+ Ke7 39. Kd2 Rc6 40. Rb7+ Ke8 41. f5 Rd6+ 42. exd6 Bxb7 43. c4 Bf3 44. g5 Bg4 45. f6 gxf6 46. gxf6 Kd7 47. c5 Kc6 48. Ke3 Kxc5 49. Kf4 Be6 50. Ke5 a5 51. Kf4 Kxd6 52. Kg5 Ke5 53. Kh6 Bf5 54. Kg7 Bg6 55. Kh6 Kf4 56. Kg7 h5 57. Kf8 h4 58. Ke7 h3 59. Kd6 h2 60. Kc5 h1Q 61. Kb5 Qd5+ 62. Kb6 Be4 63. Ka6 Bd3+ 64. Kb6 Qd6+ 65. Kb7 Ba6+ 66. Ka7 Qc6 67. Kb8 Qb7# 0-1